00227nam a22000977a 4500020001800000100002000018245004000038250001200078260002600090300001300116 a9780205230969 aHENSLIN JAMES M aSOCIOLOGY: a down to earth approach a11th ed aBOSTONbPEARSONc2012 a657bILL